Hospodárenie zdravotných poisťovní

Z obsahu: Reformné kroky sa v hospodárení zdravotných poisťovní zatiaľ neprejavili. Všeobecnú zdravotnú poisťovňu priviedli do problémov vyššie ceny zdravotníckych služieb. SZP stráca najmä prerozdeľovaním poistného. Chemická zdravotná poisťovňa Apollo dokázala vlani znížiť výdavky na nemocnice. Sid...

Full description

Saved in:
Bibliographic Details
Main Author: Velecký, Milan
Format: Book Chapter
Language:Slovak
Subjects:
Tags: Add Tag
No Tags, Be the first to tag this record!

MARC

LEADER 00000naa a2200000 4500
001 r041180
005 20230921111007.8
041 0 |a slo 
044 |a SK 
245 1 0 |a Hospodárenie zdravotných poisťovní  |c Milan Velecký 
520 |a Z obsahu: Reformné kroky sa v hospodárení zdravotných poisťovní zatiaľ neprejavili. Všeobecnú zdravotnú poisťovňu priviedli do problémov vyššie ceny zdravotníckych služieb. SZP stráca najmä prerozdeľovaním poistného. Chemická zdravotná poisťovňa Apollo dokázala vlani znížiť výdavky na nemocnice. Sideria - Istota sa snaží stabilizovať počet poistencov. Dôvere sa komerčný úver nevyplatil. 
610 2 0 |a poisťovne zdravotné 
610 2 0 |a hospodárenie finančné 
610 2 0 |a reformy 
610 2 0 |a služby 
610 2 0 |a zdravotníctvo 
610 2 0 |a ceny 
610 2 0 |a poistné 
610 2 0 |a poistenci 
610 2 0 |a výdavky 
610 2 0 |a nemocnice 
610 2 0 |a Slovensko 
100 1 |a Velecký, Milan